000 00647nam a22002417a 4500
003 UA-OsUOA
001 47605
007 ta
008 20070813b un ||||| |||| 00| 0 ukr d
100 _aЦвейг С.
090 _a821.72
_bЦ26
942 _cBK
040 _aUA-OsUOA
_brus
_cUA-OsUOA
_dUA-OsUOA
245 _aМария Стюарт
_bРоманизированная биография
300 _a349 с.
955 _a3
041 _arus
080 _a821.72
020 _a5-86248-037-4
260 _aК.
_bГлобус
_c1992
650 7 _a82 Література. Літературознавство
_2UDC
999 _c333705
_d333705